000 00442nam a2200181Ia 4500
001 8022
005 20260306160538.0
008 260306t2010||||xx |||||||||||||| ||spa||
041 _aESP
082 _a370.1
_bB25
100 _aBarrio Maestre, José María,
_eAUT
245 0 _aElementos de antropología pedagógica
260 _c2010
300 _a319 páginas :
_c22 cm.
650 _aGEN
654 _aCED
942 _cLIB
_dJUS
_fJUS
_2ddc
_n
999 _c8022
_d8022